000 01228nam a22002657a 4500
005 20080827101417.0
008 080827t xxu||||| |||| 00| j hin d
010 _aHIN-84098
020 _c100.00
035 _aHN-56444
037 _aDBAD / PUB
040 _aDPL
_bHN
082 _a
100 _aशर्मा, पद्मजा
245 _aनासिर के तीन सपनेः
_cपद्मजा शर्मा
_b(शब्द चित्र) /
246 _aNaasir ke tiin sapane
_bby Padmajaa Sharma
260 _aजयपुर
_bरचना प्रकाशन
_c2006
270 _a57, नाटाणी भवन, मिश्रराजाजी का रास्ता, चॉदपोल बाजार
_bजयपुर
300 _a104पृ
_c22सेमी (सजिल्द)
650 _aलघुकथायें, हिन्दी
650 _aShort stories, Hindi
700 _aव्यास, गिरधारीलाल
942 _2ddc
_cHN
_mशर्माप
_h
999 _c15127
_d15127